Statistics for U.S. States with Lowest % Dog Ownership

Click here to take the quiz!

General Stats

  • This quiz has been taken 18 times
  • The average score is 9 of 10

Answer Stats

HintAnswer% Correct
32.4New Jersey
100%
29.0New York
100%
29.3Rhode Island
94%
28.3Connecticut
89%
32.4Illinois
89%
23.6%Massachusetts
89%
30.3New Hampshire
89%
30.8Maryland
83%
29.4Utah
67%
31.9Minnesota
56%

Score Distribution

Percentile by Number Answered

Percent of People with Each Score

Your Score History

You have not taken this quiz